LEADER 01236nam--2200385---450- 001 990001359790203316 005 20051201142156.0 035 $a000135979 035 $aUSA01000135979 035 $a(ALEPH)000135979USA01 035 $a000135979 100 $a20040121d1972----km-y0itay0103----ba 101 0 $aita 102 $aIT 105 $aa|||||||001yy 200 1 $a<> duomo di Orvieto e l'architettura italiana del Duecento e Trecento$fRenato Bonelli 210 $aRoma$cOfficina$d1972 215 $a88 p., [50] c. di tav.$cill.$d28 cm 225 2 $aLetture di opere architettoniche$v2 410 0$12001$aLetture di opere architettoniche$v2 454 1$12001 461 1$1001-------$12001 606 0 $aPorte bronzee bizantine$yItalia$xChiese 676 $a786 700 1$aBONELLI,$bRenato$024102 801 0$aIT$bsalbc$gISBD 912 $a990001359790203316 951 $aXII.2.C. 217(VII A coll 57/2)$b69412 L.M.$cVII A 959 $aBK 969 $aUMA 979 $aSIAV7$b10$c20040121$lUSA01$h1515 979 $aPATRY$b90$c20040406$lUSA01$h1736 979 $aCOPAT6$b90$c20051201$lUSA01$h1421 996 $aDuomo di Orvieto e l'architettura italiana del Duecento e Trecento$9932510 997 $aUNISA LEADER 03092nam 2200445 450 001 9910774621103321 005 20230225111715.0 010 $a1-000-54594-6 024 7 $a10.4324/9781003143994 035 $a(CKB)4900000001456972 035 $a(NjHacI)994900000001456972 035 $a(EXLCZ)994900000001456972 100 $a20230225d2022 uy 0 101 0 $aeng 135 $aur||||||||||| 181 $ctxt$2rdacontent 182 $cc$2rdamedia 183 $acr$2rdacarrier 200 00$aPathways for Irregular Forces in Southeast Asia $eMitigating Violence with Non-State Armed Groups /$fedited by Atsushi Yasutomi, Rosalie Arcala Hall, Saya Kiba 210 1$aAbingdon, Oxon :$cTaylor & Francis (Unlimited),$d2022. 215 $a1 online resource (xiii, 199 pages) $cillustrations (black and white) 225 1 $aRoutledge contemporary Southeast Asia series 311 $a0-367-69957-5 330 $aAn exploration of the roles that pro- and anti-government militias, private armed groups, vigilantes, and gangs play in local communities in the new democracies of Southeast Asia. Scholars have typically characterized irregular forces as spoilers and infiltrators in post-conflict peacebuilding processes. The contributors to this book challenge this conventional understanding of irregular forces in Southeast Asia, demonstrating that they often attract solid support from civilians and can be major contributors to the building of local security - a process by which local residents, in the absence of an effective police force, develop, partner or are at least included in the management of community crimes and other violence. They analyze irregular forces' dealings with political actors at the community level, explaining why and how forces are incorporated in and collaborate with legitimate institutions without using violence against them. Offering a new approach to dealing with irregular forces in Southeast Asia, contributors explore new theoretical frameworks that are better suited for evaluating irregular forces' relationship to different security providers and the political environments in the region. Specifically, they examine case studies from Indonesia, Timor-Leste, the Philippines, and Thailand. A valuable resource for researchers, students and practitioners in the areas of conflict resolution, peacebuilding, and security governance, especially those with a focus on Southeast Asia. This book will also be of great interest to scholars of the sociology and anthropology of the region. 410 0$aRoutledge contemporary Southeast Asia series. 517 $aPathways for Irregular Forces in Southeast Asia 606 $aMilitia 606 $aParamilitary forces 615 0$aMilitia. 615 0$aParamilitary forces. 676 $a355.033059 702 $aKiba$b Saya 702 $aHall$b Rosalie Arcala 702 $aYasutomi$b Atsushi 801 0$bNjHacI 801 1$bNjHacl 906 $aBOOK 912 $a9910774621103321 996 $aPathways for Irregular Forces in Southeast Asia$92811857 997 $aUNINA LEADER 02896oas 2201213 a 450 001 9910131927703321 005 20260309213017.0 011 $a1535-7228 035 $a(DE-599)ZDB1500554-9 035 $a(DE-599)1500554-9 035 $a(OCoLC)38376363 035 $a(CONSER) 2001215099 035 $a(CKB)954925377907 035 $a(EXLCZ)99954925377907 100 $a19980209a19219999 sy a 101 0 $aeng 135 $aurmnu|||||||| 181 $ctxt$2rdacontent 182 $cc$2rdamedia 183 $acr$2rdacarrier 200 04$aThe American journal of psychiatry 210 $aWashington, DC $cAmerican Psychiatric Association 300 $aRefereed/Peer-reviewed 311 08$aPrint version: The American journal of psychiatry (TW-TaNTU)b11272132-886ntu_inst 0002-953X 531 0 $aAm. j. psych. 606 $aPsychiatry$vPeriodicals 606 $aMental Disorders 606 $aPsychiatry 606 $aPsychiatry$vPeriodicals 606 $aMental Disorders$vPeriodicals 606 $aPsychiatrie$vPe?riodiques 606 $amental disorders$2aat 606 $aPsychiatry$2fast 606 $aPsychiatrie$2gtt 606 $aPsiquiatria$vRevistes$2lemac 606 $aPsychiatry$vPeriodicals$2nli 608 $aperiodicals.$2aat 608 $aPeriodicals$2fast 608 $aPeriodicals.$2lcgft 608 $aPeriodicals.$2rbgenr 608 $aPe?riodiques.$2rvmgf 615 0$aPsychiatry 615 2$aMental Disorders 615 2$aPsychiatry 615 2$aPsychiatry 615 2$aMental Disorders 615 6$aPsychiatrie 615 7$amental disorders. 615 7$aPsychiatry 615 17$aPsychiatrie. 615 7$aPsiquiatria 615 7$aPsychiatry 676 $a616 712 02$aAmerican Psychiatric Association. 801 0$bFGA 801 1$bFGA 801 2$bOCL 801 2$bEYM 801 2$bNSD 801 2$bOCLCQ 801 2$bMXC 801 2$bOCLCQ 801 2$bMUQ 801 2$bOCLCQ 801 2$bEEM 801 2$bOCLCQ 801 2$bOCLCF 801 2$bPFM 801 2$bOCLCO 801 2$bFFQ 801 2$bVT2 801 2$bOCLCQ 801 2$bOCLCO 801 2$bOCLCQ 801 2$bTSC 801 2$bBUF 801 2$bLCO 801 2$bOCLCO 801 2$bAPUMS 801 2$bAU@ 801 2$bOCLCO 801 2$bWYU 801 2$bAUD 801 2$bU3W 801 2$bOCLCO 801 2$bOCLCE 801 2$bREDDC 801 2$bFJM 801 2$bCSU 801 2$bOCLCO 801 2$bOCLCA 801 2$bSFB 801 2$bOCLCQ 801 2$bQGK 801 2$bWAU 801 2$bOCLCL 801 2$bOCLCQ 801 2$bOCLCL 801 2$bS9M 801 2$bOCLCQ 906 $aJOURNAL 912 $a9910131927703321 996 $aAmerican journal of psychiatry$9802064 997 $aUNINA